000 00803nam a2200241Ia 4500
003 GCL
005 20240530105407.0
008 140319s9999 xx 000 0 ara d
040 _aGCL /
_cGCL
082 0 4 _a361
_bم خ
100 0 _aمحمد سلامة محمد غبارى
245 1 0 _aالخدمة الاجتماعية ورعاية الاسرة والطفولة والشباب /
_cمحمد سلامة محمد غبارى
260 _a[S.N] :
_bالمكتب الجامعى الحديث ،
_c1983
300 _a305
650 0 4 _aالاطفال
650 0 4 _aالخدمة الاجتماعية
650 0 4 _aالمراهقون
650 0 4 _aالشباب
650 0 4 _aالنضوج
650 0 4 _aالشباب فى مصر
650 0 4 _aالشباب فى السعودية
942 _2ddc
_cBK
999 _c55598
_d55598